Statistics for First 18 Elements Quiz

Click here to take the quiz!

General Stats

  • This quiz has been taken 3,129 times
  • The average score is 15 of 18

Answer Stats

#SymbolElement% Correct
1HHydrogen
99%
2HeHelium
97%
8OOxygen
91%
6CCarbon
89%
5BBoron
88%
3LiLithium
88%
7NNitrogen
86%
4BeBeryllium
85%
10NeNeon
85%
11NaSodium
83%
18ArArgon
79%
9FFluorine
79%
12MgMagnesium
79%
16SSulfur
76%
13AlAluminium
75%
17ClChlorine
75%
15PPhosphorus
75%
14SiSilicon
73%

Score Distribution

Percentile by Number Answered

Percent of People with Each Score

Your Score History

You have not taken this quiz